Research on ICDS : (Record no. 42772)

MARC details
000 -LEADER
fixed length control field 00710nam a22001817a 4500
005 - DATE AND TIME OF LATEST TRANSACTION
control field 2010082002522.0
010 ## - LCCN (DPL NO)
LC control number ENG-101077
020 ## - INTERNATIONAL STANDARD BOOK NUMBER
Terms of availability 150.00
035 ## - SYSTEM CONTROL NUMBER
System control number EN-84610
037 ## - SOURCE OF ACQUISITION
Source of stock number/acquisition DBAD/PUB
082 ## - DEWEY DECIMAL CLASSIFICATION NUMBER
Classification number 305.231
245 ## - TITLE STATEMENT
Title Research on ICDS :
Remainder of title an overview (1986-1995) /
260 ## - PUBLICATION, DISTRIBUTION, ETC. (IMPRINT)
Place of publication, distribution, etc New Delhi
Name of publisher, distributor, etc National Institute of Public Cooperation and Child Development
Date of publication, distribution, etc 2009
270 ## - ADDRESS
Address 5, Siri Institutional Area, Hauz Khas
City New Delhi
Postal code 110016
300 ## - PHYSICAL DESCRIPTION
Extent V.2 (xxiv,256p.)
Dimensions 27cm (pbk)
942 ## - ADDED ENTRY ELEMENTS (KOHA)
Source of classification or shelving scheme Dewey Decimal Classification
Item type English Books
Classification part 305.231
Call number suffix RES
Holdings
Withdrawn status Lost status Materials specified (bound volume or other part) Not for loan Collection code Home library Current library Date acquired Source of acquisition Cost, normal purchase price Full call number Barcode Copy number Cost, replacement price Koha item type Public note
    V.2 Not For Loan Non-fiction D.B.Act.Division D.B.Act.Division 20/08/2010 DBAD/PUB 150.00 305.231 RES EN-84610 1 150.00 English Books V.2

© Delhi Public Library
Hit Counter
free hit counter